Loading...
| Science - Chemistry | 0 | 5 | 0 | 1 | 50 | 115 | 125.40 | 0 | 5 | 0.00 | 0.00 |
| Science - Physics | 0 | 4 | 0 | 1 | 40 | 127 | 133.25 | 1 | 4 | 0.00 | 0.00 |
| Science - Biology | 1 | 3 | 2 | 3 | 35 | 48 | 109.50 | 0 | 4 | 0.00 | 0.00 |
| History - World | 1 | 1 | 0 | 1 | 25 | 59 | 99.50 | 1 | 2 | 0.00 | 0.00 |
| History - European | 1 | 1 | 0 | 1 | 25 | 72 | 103.50 | 1 | 2 | 0.00 | 0.00 |
| Science - Other | 0 | 2 | 0 | 2 | 20 | 127 | 131.00 | 0 | 2 | 0.00 | 0.00 |
| History - Ancient | 1 | 0 | 0 | 0 | 15 | 53 | 53.00 | 1 | 1 | 0.00 | 0.00 |
| Literature - British | 0 | 1 | 0 | 0 | 10 | 158 | 158.00 | 0 | 1 | 0.00 | 0.00 |
| Fine Arts - Auditory | 0 | 1 | 0 | 0 | 10 | 149 | 149.00 | 0 | 1 | 0.00 | 0.00 |
| Geography | 0 | 1 | 0 | 1 | 10 | 141 | 141.00 | 0 | 1 | 0.00 | 0.00 |
| History - American | 0 | 1 | 0 | 1 | 10 | 131 | 131.00 | 0 | 1 | 0.00 | 0.00 |
| Current Events | 0 | 1 | 0 | 0 | 10 | 130 | 130.00 | 0 | 1 | 0.00 | 0.00 |
| Religion | 0 | 1 | 0 | 0 | 10 | 148 | 148.00 | 1 | 1 | 0.00 | 0.00 |
| History - Ancient/Other | 0 | 0 | 0 | 0 | 0 | 0.00 | 0 | 0 | 0.00 | 0.00 | |
| Other Academic | 0 | 0 | 1 | 0 | -5 | 0.00 | 0 | 0 | 0.00 | 0.00 | |
| Mythology | 0 | 0 | 1 | 0 | -5 | 0.00 | 0 | 0 | 0.00 | 0.00 |